| 000 | 00860cam a2200217 4500 | ||
|---|---|---|---|
| 001 | WB3724-27 | ||
| 008 | 000000n2001 000 0 eng u | ||
| 035 | _a(Sirsi) u113230 | ||
| 245 | _aDemand for luxury homes falls | ||
| 260 | _c2001 | ||
| 490 |
_aFinancial Times _v21 June 2001, 26(1) |
||
| 520 | _aResidential agent Chesterton International has issued a profits warning for the year to 30 June 2001 in response to a sharp fall in demand for upmarket London homes. Chesterton's chief executive has commented that sales of the most expensive houses are 50% down on the same period last year. | ||
| 590 | _aWB | ||
| 650 | _aCHESTERTON INTERNATIONAL | ||
| 650 | _aRESULTS | ||
| 650 |
_aSales _96269 |
||
| 650 | _aLUXURY HOMES MARKET | ||
| 650 | _aHOUSE PRICES | ||
| 690 | _aPROPERTY-RESIDENTIAL PROPERTY-RESIDENTIAL PROPERTY MARKET | ||
| 942 | _n0 | ||
| 999 |
_c67438 _d67438 |
||